000 00983cam a2200289ui 4500
001 200468070
003 TR-AnTOB
005 20260413115957.0
007 ta
008 260413s1979 wau g 000 0 eng d
040 _aTVK
_beng
_erda
_cTVK
_dTR-AnTOB
041 0 _aeng
050 0 0 _aPS371
_b.R63 1979
090 _aPS371
_b.R63 1979TıpFaK
245 1 0 _aRoad to reading :
_bAmerican short stories for reading pleasure /
_ccompiled by: Anna Maria Malkoç.
246 2 3 _aAmerican short stories for reading pleasure.
264 1 _aWashington :
_bEnglish Teaching Division Educational and Cultural Affairs United States Informational Agency,
_c1979.
300 _aiii, 183 pages ;
_c 24cm.
336 _atext
_btxt
_2rdacontent
337 _aunmediated
_bn
_2rdamedia
338 _avolume
_bnc
_2rdacarrier
504 _aBIBINDX
650 0 _aShort stories, American.
_946151
700 1 _aMalkoç, Anna Maria
_ecompiled
_9153590
942 _2lcc
_cBK
999 _c200468070
_d86282